000 00357nam a22001571a 4500
020 _a9788190378079
082 _aH1
_bVEE/S
100 _aVeena Sinha
245 _aSubah ki doop/
_cby Veena Sinha
260 _aDelhi:
_bAnirudha,
_c2009.
300 _a112p.
650 _aPoetry Hindi
650 _aLiterature Hindi
650 _aLiterature
942 _cBK
999 _c45163
_d45163